Numerické metódy posúdenia kvality impulznej regulácie : Kand.diz.práca : V.odb. 26-15-9 : Obh. 09.12.1966 /

Salvato in:
Dettagli Bibliografici
Autore principale: Hudzovič, Peter, 1940- (Autore)
Altri autori: Šalamon, Miroslav (Relatore della tesi)
Natura: Manoscritto Libro
Pubblicazione: Bratislava : SVŠT v Bratislave EF, 1966
Soggetti:
Tags: Aggiungi Tag
Nessun Tag, puoi essere il primo ad aggiungerne!!

MARC

LEADER 00000ntm a22000003a 4500
001 stu5521
005 20150617225811.0
008 ------s1966----------------------------d
040 |a STU  |b slo 
041 0
100 1 |a Hudzovič, Peter,  |d 1940-  |4 aut  |u E010  |T FEI Ústav riadenia a priemyselnej informatiky  |X 4976  |U E010  |Y E010  |7 A000004976 
245 1 |a Numerické metódy posúdenia kvality impulznej regulácie :  |b Kand.diz.práca : V.odb. 26-15-9 : Obh. 09.12.1966 /  |c [aut.] Hudzovič,Peter, Ing.; Škol. řalamon,Miroslav 
260 |a Bratislava :  |b SVŠT v Bratislave EF,  |c 1966 
300 |a 115 s 
650 7 |a technická kybernetika  |2 stusub 
700 1 |a Šalamon, Miroslav  |4 ths 
996 |b 284ED00339  |c E*KDIZ-58  |l EE01  |s A  |a 24  |w stu5521_0001